KOHA-Header-6

Financial Management and Policy (Record no. 10143)

000 -LEADER
fixed length control field 00270nam a2200109Ia 4500
100 ## - MAIN ENTRY--AUTHOR NAME
Personal name James C.Van Horne
245 #0 - TITLE STATEMENT
Title Financial Management and Policy
260 ## - PUBLICATION, DISTRIBUTION, ETC. (IMPRINT)
Place of publication India
Name of publisher S. Chand
Year of publication 1992
300 ## - PHYSICAL DESCRIPTION
Number of Pages 544
942 ## - ADDED ENTRY ELEMENTS (KOHA)
Koha item type Books
Holdings
Withdrawn status Lost status Collection code Permanent Location Current Location Shelving location Date acquired Full call number Accession Number Koha item type
    Finance MAJU MAJU Shelf No.A44 2019-09-14 658.7 6253 Finance

Powered by Koha